000 01039nam a22002777a 4500
999 _c113099
_d113099
003 dpl
005 20190209163913.0
008 190209b ||||| |||| 00| 0 eng d
010 _aB-072968
020 _c120.00
_a8176750484
035 _aB-072968, B-072972
037 _bCen Lib/Ret
040 _aDPL
_bHN
_c0
082 _a821
_bसेठीअ
100 _aसेठी, अनूप
_950626
245 _aजगत में मेला /
_cअनूप सेठी
246 _aJagat me mela /
_bby Anoop Sethi
260 _aपंचकूला
_bआधार प्रकाशन
_c2002
270 _bहरियाणा
_aएस.सी.एफ.267, सेक्टर 16
_e134 113
300 _a131पृ.
_c22सेमी (सजिल्द)
650 _aहिन्दी -- साहित्य
_950627
650 _aहिन्दी -- काव्य
_9779
650 _aHindi -- literature
_950628
650 _aHindi - Poem
_950629
942 _2ddc
_cHN
_h821
_mसेठीअ